ARRUPE JESUIT UNIVERSITY

CORONAVIRUS -STOP THE SPREAD - CLEAN,DISINFECT,COVER

Studies in phenomenology and the human sciences / (Record no. 4748)

MARC details
000 -LEADER
fixed length control field 00883cam a2200265 i 4500
001 - CONTROL NUMBER
control field 4172706
005 - DATE AND TIME OF LATEST TRANSACTION
control field 20170801123519.0
008 - FIXED-LENGTH DATA ELEMENTS--GENERAL INFORMATION
fixed length control field 790927s1979 nju 100 0 eng
010 ## - LIBRARY OF CONGRESS CONTROL NUMBER
LC control number 79022803
020 ## - INTERNATIONAL STANDARD BOOK NUMBER
International Standard Book Number 0391017020
040 ## - CATALOGING SOURCE
Original cataloging agency DLC
Transcribing agency DLC
Modifying agency DLC
050 10 - LIBRARY OF CONGRESS CALL NUMBER
Classification number B829.5
Item number .S78 1979
082 00 - DEWEY DECIMAL CLASSIFICATION NUMBER
Classification number 142/.7
245 00 - TITLE STATEMENT
Title Studies in phenomenology and the human sciences /
Statement of responsibility, etc edited by John Sallis.
260 ## - PUBLICATION, DISTRIBUTION, ETC. (IMPRINT)
Place of publication, distribution, etc Atlantic Highlands, N.J. :
Name of publisher, distributor, etc Humanities Press,
Date of publication, distribution, etc 1979.
300 ## - PHYSICAL DESCRIPTION
Extent vii, 85 p. ;
Dimensions 24 cm.
500 ## - GENERAL NOTE
General note Reprinted from Research in phenomenology, 1979 vol. IX.
650 ## - SUBJECT ADDED ENTRY--TOPICAL TERM
Topical term or geographic name as entry element Phenomenology
General subdivision Addresses, essays, lectures
9 (RLIN) 34225
650 ## - SUBJECT ADDED ENTRY--TOPICAL TERM
Topical term or geographic name as entry element Humanities
General subdivision Addresses, essays, lectures
9 (RLIN) 34226
650 ## - SUBJECT ADDED ENTRY--TOPICAL TERM
Topical term or geographic name as entry element Hermeneutics
General subdivision Addresses, essays, lectures
9 (RLIN) 19604
700 1# - ADDED ENTRY--PERSONAL NAME
Personal name Sallis, John,
Dates associated with a name 1938-
9 (RLIN) 33672
710 2# - ADDED ENTRY--CORPORATE NAME
Corporate name or jurisdiction name as entry element Research in phenomenology.
9 (RLIN) 34227
906 ## - LOCAL DATA ELEMENT F, LDF (RLIN)
a 7
b cbu
c orignew
d 1
e ocip
f 19
g y-gencatlg
942 ## - ADDED ENTRY ELEMENTS (KOHA)
Source of classification or shelving scheme Library of Congress Classification
Item type Monograph ( Printed materials)
Holdings
Withdrawn status Lost status Source of classification or shelving scheme Damaged status Not for loan Collection code Home library Current library Shelving location Date acquired Total Checkouts Full call number Barcode Date last seen Copy number Price effective from Koha item type
    Library of Congress Classification     Main Collection ARRUPE LIBRARY ARRUPE LIBRARY   27/02/2013   B829.5S78 46406341 27/02/2013 1 27/02/2013 Monograph ( Printed materials)

 

Arrupe Library. PO Box MP320 Mt Pleasant, Harare, Zimbabwe
263 242 745411|librarian@aju.ac.zw